Xu hướng đổi mới trong lịch sử Việt Nam Những gương mặt tiêu biểu
Giới thiệu các nhân vật lịch sử tiêu biểu của Việt Nam: Lý Công Uẩn, Trần Thủ Độ, Lê Thánh Tông.
Đã lưu trong:
| Định dạng: | Sách |
|---|---|
| Năm xuất bản: |
H.
Văn hóa thông tin
1998
|
| Chủ đề: | |
| Tags: |
Thêm thẻ
Không có thẻ, Hãy là người đầu tiên gắn thẻ bản ghi này!
|
| LEADER | 00801nam a2200169 4500 | ||
|---|---|---|---|
| 082 | |a 959.7092 |b X500h | ||
| 100 | |a | ||
| 245 | |a Xu hướng đổi mới trong lịch sử Việt Nam |c Phạm Đình Nhân chủ biên, Lê Thị Thanh Hòa, Doãn Đoan Trinh |b Những gương mặt tiêu biểu | ||
| 260 | |a H. |b Văn hóa thông tin |c 1998 | ||
| 300 | |a 398 tr. |c 21 cm. | ||
| 520 | |a Giới thiệu các nhân vật lịch sử tiêu biểu của Việt Nam: Lý Công Uẩn, Trần Thủ Độ, Lê Thánh Tông. | ||
| 653 | |a Lịch sử | ||
| 653 | |a Việt Nam | ||
| 653 | |a Nhân vật lịch sử | ||
| 942 | |2 ddc |c SH | ||
| 999 | |c 8728 |d 8728 | ||
| 952 | |0 0 |1 0 |2 ddc |4 0 |6 959_709200000000000_X500H |7 0 |8 900 |9 71469 |a qbu |b qbu |c D5 |d 2015-04-25 |g 35000 |l 2 |o 959.7092 X500h. |p 8886.c1 |r 2018-03-07 |s 2018-02-28 |w 2015-04-25 |y SH | ||